| 000 | 01387nam a2200373 i 4500 | ||
|---|---|---|---|
| 001 | 23632 | ||
| 003 | KOSZ 005 | ||
| 005 | 20191122083042.0 | ||
| 008 | 981023s1987 pl f d |001 0 pol | ||
| 015 | _aPB 1987/6597 | ||
| 020 | _a8304010690 | ||
| 035 | _a(OCoLC)835873896 | ||
| 040 |
_aWA N _cWA N _dKOSZ 005/EG |
||
| 041 | 1 |
_apol _hfre |
|
| 046 | _k1987 | ||
| 080 | _a255 | ||
| 080 | _a(03) | ||
| 100 | 1 |
_aGrimal, Pierre _d(1912-1996). _eAutor |
|
| 245 | 1 | 0 |
_aSłownik mitologii greckiej i rzymskiej / _cPierre Grimal ; [hasła przeł. [z fr.] Maria Bronarska et al., przedmowę przeł., wstęp Jerzy Łanowski. |
| 246 | 1 |
_iTyt. oryg.: _aDictionnaire de la mythologie grecque et romaine, _f1951. |
|
| 260 |
_aWrocław ; _aWarszawa [etc.] : _bZakład Narodowy im. Ossolińskich, _c1987. |
||
| 300 |
_aXLI, 481, [5] s. ; _c24 cm. |
||
| 380 | _aKsiążki. | ||
| 504 | _aIndeksy. | ||
| 650 | 4 | _aMitologia grecka. | |
| 650 | 4 | _aMitologia rzymska. | |
| 658 | _aReligia i duchowość | ||
| 655 | 4 | _aSłowniki polskie | |
| 700 | 1 |
_aBronarska, Maria. _eTłumaczenie |
|
| 700 | 1 |
_aŁanowski, Jerzy _d(1919-2000). _eTłumaczenie |
|
| 710 | 2 |
_aZakład Narodowy im. Ossolińskich _bWydawnictwo _4pbl. |
|
| 856 |
_uhttp://koha.tu.koszalin.pl/cgi-bin/koha/opac-detail.pl?biblionumber=23632 _yKatalog online BPK |
||
| 942 |
_2UKD _cKS |
||
| 999 |
_c23632 _d23632 |
||